000 00534nam a2200193 i 4500
001 C2-0294873
003 PPAK
005 20180728030531.0
008 090226s1972 my |||| ||||| | eng d
040 _aPPAK
_beng
_cPPAK
_erda
100 1 _aW.R., Stanton,
_eauthor
245 1 0 _aWaste Recovery By Microorganisms
264 1 _aKuala Lumpur :
_bDewan Bahasa dan Pustaka ,
_c1972
300 _a221 pages ;
_c26 cm.
336 _2rdacontent
_atext
337 _2rdamedia
_aunmediated
338 _2rdacarrier
_avolume
942 _ddc
_cB
999 _c99477
_d99477